Leicester City 2020's Starting XI - Statistics

General Stats
  • This quiz has been taken 2,647 times
    701 since last reset
  • The average score is 17 of 30
Answer Stats
Player % Correct
Jamie Vardy
97%
Kasper Schmeichel
97%
Wilfried Ndidi
88%
Youri Tielemans
88%
Wout Faes
81%
Çağlar Söyüncü
80%
Jonny Evans
79%
Ricardo Pereira
76%
James Maddison
75%
Timothy Castagne
71%
Danny Ward
70%
Harvey Barnes
60%
Daniel Amartey
59%
Mads Hermansen
55%
Ayoze Pérez
53%
James Justin
53%
Ben Chilwell
50%
Jannik Vestergaard
50%
Wesley Fofana
50%
Jordan Ayew
46%
Marc Albrighton
45%
Bilal El Khannouss
44%
Stephy Mavididi
38%
Abdul Fatawu
37%
Boubakary Soumaré
37%
Kiernan Dewsbury-Hall
36%
Victor Bernth Kristiansen
36%
Harry Winks
35%
Conor Coady
32%
Luke Thomas
30%
No matching quizzes found
Score Distribution
Percent of People with Each Score
Percentile by Number Answered
Your Score History
You have not taken this quiz since the last reset